000 00430nam a2200157Ia 4500
003 LK-CoDNM
008 010623t2001 xxu||||| |||| 00| 1 eng d
040 _aLK-CoDNM
_dLK-CoDNM
_eLK-CoDNM
041 _aeng
080 _a32
_bSRI
100 _aPhilips,Rajan
245 _aSri Lanka : Global Challenges And National crises
260 _bSocial Scientists'Association
_aColombo 5
_c2001
300 _b395p.;24 cm cm
942 _cBK
999 _c120961
_d120961